000 00716nam a2200253Ia 4500
003 OSt
005 20220926005053.0
006 a|||||r|||| 00| 0
007 ta
008 220923b |||||||| |||| 00| 0 eng d
020 _a0803995717
037 _cGeneral Book
040 _aRTL
_cRTL
_beng
041 _2eng
_aeng
082 _aX9(J).243.N8, M8
100 _aSims Holly
_9309681
245 0 _aPolitical regimes, public policy and economic development
260 _a New Delhi
_bSage Publications
_c1988
300 _a206p
_ccm.
500 _aBibliography P 190-200
650 _aPunjab
_9243311
942 _hX9(J).243.N8, M8
_cGB
_2CC
999 _c612888
_d612888